000 00530nam a2200133Ia 4500
008 231221s9999 xx 000 0 und d
020 _a978-0-387-49313-8
041 _aEnglish
100 _aBrian Otis, Jan Rabaey
245 0 _aUltra-Low Power Wireless Technologies for Sensor Networks
260 _c2007
_bSpringer US
_aNew York
650 _aCircuits and Systems; Electronics and Microelectronics, Instrumentation; Signal,Image and Speech Processing; Communications Engineering, Networks; Electrical Engineering
942 _cEB
999 _c225672
_d225672